Loading...
| History - American | 0 | 4 | 0 | 1 | 40 | 94 | 118.00 | 0 | 0 |
| History - Other | 0 | 4 | 3 | 2 | 25 | 71 | 102.75 | 1 | 2 |
| Religion - Hinduism | 0 | 2 | 0 | 0 | 20 | 71 | 74.00 | 1 | 2 |
| Religion - Christianity/Judaism | 0 | 2 | 0 | 0 | 20 | 108 | 115.00 | 0 | 0 |
| Art - Painting/Sculpture | 0 | 2 | 0 | 0 | 20 | 61 | 91.50 | 0 | 1 |
| Art - Other | 0 | 1 | 0 | 0 | 10 | 108 | 108.00 | 0 | 1 |
| Current Events/Modern World - Western political | 0 | 1 | 0 | 0 | 10 | 75 | 75.00 | 0 | 0 |
| Current Events/Modern World - Rest of world political | 0 | 1 | 0 | 0 | 10 | 71 | 71.00 | 0 | 0 |
| Current Events/Modern World - United States political | 0 | 1 | 0 | 0 | 10 | 114 | 114.00 | 0 | 1 |
| Literature - World/Misc any | 0 | 1 | 0 | 0 | 10 | 129 | 129.00 | 0 | 0 |
| Science - Astronomy | 0 | 1 | 0 | 0 | 10 | 114 | 114.00 | 0 | 0 |
| Art - Music/Opera | 0 | 1 | 1 | 0 | 5 | 42 | 42.00 | 1 | 1 |
| History - European | 0 | 1 | 1 | 1 | 5 | 127 | 127.00 | 0 | 0 |
| History - World | 0 | 1 | 1 | 0 | 5 | 46 | 46.00 | 0 | 1 |
| Geography - Oceania/Pacific | 0 | 0 | 1 | 0 | -5 | 0.00 | 0 | 0 | |
| Science - Biology | 0 | 0 | 1 | 0 | -5 | 0.00 | 0 | 0 |